| Record ID | marc_records_scriblio_net/part03.dat:97293334:979 |
| Source | Scriblio |
| Download Link | /show-records/marc_records_scriblio_net/part03.dat:97293334:979?format=raw |
LEADER: 00979cam 22002531 4500
001 40001821
003 DLC
005 20050802074628.0
008 770805s1939 ag 000 0 spa
010 $a 40001821
035 $a(OCoLC)3163074
040 $aDLC$cVtMiM$dOCoLC$dDLC
042 $apremarc
050 00 $aPQ6089$b.M33
082 $a861.04
100 2 $aMenéndez Pidal, Ramón,$d1869-1968.
245 14 $aLos romances de América, y otros estudios.
260 $aBuenos Aires-$aMéxico,$bEspasa-Calpe argentina, s.a.$c[1939]
300 $a2 p. l., 7-187 p., 1 l.$c18 cm.
490 0 $aColección austral. [55]
505 0 $aLos romances tradicionales en América.--Poesía popular y poesía tradicional en la literatura española.--Los orígenes del romancero.--Un nuevo romance fronterizo.--El lenguaje del siglo XVI.
650 0 $aSpanish ballads and songs$xHistory and criticism.
650 0 $aLatin-American ballads and songs$xHistory and criticism.
650 0 $aBallads.